000 00570cas a2200157 4500
008 130726n eng u
022 _a16157028
035 _a(Sirsi) a179918
050 _aTJ163.Q6
245 _aFraunhofer Magazine
260 _aGermany
_b Fruanhofer Magazine
_c 2013
310 _aBi-annnual
362 _aVol. 2, 2013 - Vol 1, 2016
520 _aThis magazine talks about finding ways of producing more goods using significantly fewer resources and illustrates how information tecnology can be designed to be more efficient.
650 _aRecycling
999 _c9521
_d9521